Fundamentals of molercular evolution

Gardado en:
Detalles Bibliográficos
Autor Principal: DAN GRAUR
Formato: Libro
Idioma:Undetermined
Publicado: Saunderland, Masachusetts Sinauer Associates 1999
Những chủ đề:
Các nhãn: Engadir etiqueta
Sen Etiquetas, Sexa o primeiro en etiquetar este rexistro!
Thư viện lưu trữ: Trung tâm Học liệu Trường Đại học Cần Thơ
LEADER 00483nam a2200169Ia 4500
001 CTU_48937
008 210402s9999 xx 000 0 und d
082 |a 572.838 
082 |b G774 
100 |a DAN GRAUR 
245 0 |a Fundamentals of molercular evolution 
245 0 |c DAN GRAUR, Wen-Hsiung Li 
260 |a Saunderland, Masachusetts 
260 |b Sinauer Associates 
260 |c 1999 
650 |a molecular evolution 
980 |a Trung tâm Học liệu Trường Đại học Cần Thơ